| 000 | 00618cam a2200145 4500500 | ||
|---|---|---|---|
| 005 | 20251228053358.0 | ||
| 041 | _afre | ||
| 042 | _adc | ||
| 100 | 1 | 0 |
_aRogers, Dominique _eauthor |
| 245 | 0 | 0 | _aFrédéric Régent, Esclavage, métissage, liberté. La Révolution française en Guadeloupe (1789-1802), Paris, Grasset, 2004, 504 p., 22 €, isbn 224664481x |
| 260 | _c2005. | ||
| 500 | _a12 | ||
| 786 | 0 | _nHistoire & Sociétés Rurales | 24 | 2 | 2005-10-01 | p. 171zb-276zb | 1254-728X | |
| 856 | 4 | 1 | _uhttps://shs.cairn.info/revue-histoire-et-societes-rurales-2005-2-page-171zb?lang=fr&redirect-ssocas=7080 |
| 999 |
_c1585297 _d1585297 |
||